| Tag |
First Indicator |
Second Indicator |
Subfields |
| LEADER |
00000cam a2200000 i 4500 |
| 001 |
in00005530821 |
| 008 |
230828s2024 mnua b 001 0 eng d |
| 005 |
20250318223313.9 |
| 020 |
|
|
|a 9781681342528
|
| 020 |
|
|
|a 1681342529
|q (paperback)
|
| 035 |
|
|
|a (OCoLC)on1395132807
|
| 035 |
|
|
|a (OCoLC)1395132807
|
| 040 |
|
|
|a YDX
|b eng
|e rda
|c YDX
|d S#L
|d OCLCO
|d HCO
|d OCLCO
|
| 050 |
|
4 |
|a PN2287.S56
|b B45 2024
|
| 100 |
1 |
|
|a Bell, Jokeda,
|e author
|
| 245 |
1 |
0 |
|a Red stained :
|b the life of Hilda Simms /
|c Jokeda "JoJo" Bell
|
| 264 |
|
1 |
|a St. Paul, MN :
|b Minnesota Historical Society,
|c [2024]
|
| 264 |
|
4 |
|c ©2024
|
| 300 |
|
|
|a 224 pages :
|b illustrations ;
|c 23 cm.
|
| 336 |
|
|
|a text
|b txt
|2 rdacontent
|
| 337 |
|
|
|a unmediated
|b n
|2 rdamedia
|
| 338 |
|
|
|a volume
|b nc
|2 rdacarrier
|
| 504 |
|
|
|a Includes bibliographical references and index.
|
| 520 |
|
|
|a Black actress and activist Hilda Simms was a rising star on the stage and screen in post-WWII America until accusations of un-Americanism and communist sympathies derailed her career. Hilda Simms emerged as an actress at a time when segregation was deeply entrenched in Hollywood and on Broadway. Black performers were mostly relegated to bit parts, stereotyped characters, or comic-relief roles--if they were hired at all. After joining Harlem's American Negro Theatre in 1943, Simms became immersed in a vibrant community of African American performers, writers, and other artists. Over the next two decades, she helped to chart a path for Black actors who wanted to be considered serious dramatists and tell stories that spoke to the true experience of African Americans.
|
| 600 |
1 |
0 |
|a Simms, Hilda,
|d 1918-1994.
|
| 650 |
|
0 |
|a African American actresses
|z United States
|v Biography.
|
| 650 |
|
0 |
|a Actresses, Black.
|
| 650 |
|
6 |
|a Actrices noires.
|
| 650 |
|
6 |
|a Actrices noires américaines
|z États-Unis
|v Biographies.
|
| 655 |
|
7 |
|a Biographies.
|2 lcgft
|
| 655 |
|
7 |
|a Biographies.
|2 rvmgf
|
| 852 |
8 |
|
|b pda,print
|z This title is available for the library to purchase for your use. Click the "Purchase It For Me" button to place a request. This item may take 5-10 business days to arrive.
|
| 955 |
|
|
|a Print PDA title
|
| 961 |
|
|
|m 565730
|
| 999 |
f |
f |
|s 100df9d8-c772-4033-a4f5-7678ea48eba1
|i 8a163288-77f5-4b17-8660-95395f9b267c
|t 0
|
| 952 |
f |
f |
|a Texas A&M University
|b College Station
|c Sterling C. Evans Library
|d Purchase on Demand
|t 0
|e PN2287.S56 B45 2024
|h Library of Congress classification
|
| 998 |
f |
f |
|a PN2287.S56 B45 2024
|t 0
|l Purchase on Demand
|